[Event "ITA-ch U16"]
[Site "Courmayeur"]
[Date "2009.06.30"]
[Round "3"]
[White "Arrigo, Stefano"]
[Black "Melone, Antonio"]
[Result "0-1"]
[WhiteElo "1536"]
[BlackElo "1842"]
[PlyCount "68"]
[EventDate "2009.06.29"]
[EventType "swiss"]
[EventRounds "9"]
[EventCountry "ITA"]
[SourceTitle "EXT 2012"]
[Source "ChessBase"]
[SourceDate "2011.11.24"]
[SourceVersion "1"]
[SourceVersionDate "2011.11.24"]
[SourceQuality "1"]

1. e4 c6 2. d4 d5 3. Nc3 dxe4 4. Nxe4 Nd7 5. Nf3 e6 6. Be2 Ngf6 7. Bg5 h6 8. Nxf6+ Nxf6 9. Be3 Bd6 10. h3 Qc7 11. Bd3 b6 12. Qe2 Bb7 13. 0-0 0-0-0 14. a4 a5 15. Bd2 g5 16. Ne5 Rdg8 17. f3 Nh5 18. Qf2 f6 19. Bg6 Rxg6 20. Nxg6 Bh2+ 21. Kh1 Rg8 22. Ne7+ Kb8 23. Nxg8 Ng3+ 24. Kxh2 Nxf1+ 25. Kg1 Qh2+ 26. Kxf1 Ba6+ 27. Qe2 Bxe2+ 28. Kxe2 Qxg2+ 29. Ke3 f5 30. Be1 f4+ 31. Kd3 Qxf3+ 32. Kd2 Qe3+ 33. Kd1 Qxd4+ 34. Ke2 Qg7 0-1